000 00415 a2200157 4500
003 Nust
005 20170207171856.0
040 _cNust
082 _a005.1
100 _aAfzal, Muhammad Ertza BESE-18
245 _aNiS-A Network Monitoring Tool
_cMuhammad Ertza Afzal, Nasir Hussain, Subtain Ishfaq
260 _aMCS, NUST
_bRawalpindi
_cJune 2016
300 _aix, 46 p
650 _aUG Projects
651 _aUG CSE Project
942 _cPRG
999 _c219403
_d219403